[Event "Kingston Invitational 4th"]
[Site "Kingston-upon-Thames"]
[Date "2025.08.12"]
[Round "1.1"]
[White "Maycock Bates, David Henry"]
[Black "Kosakowski, Jakub"]
[Result "0-1"]
[WhiteElo "2287"]
[BlackElo "2542"]
[PlyCount "70"]
[EventDate "2025.08.12"]
[EventType "tourn"]
[EventRounds "9"]
[EventCountry "ENG"]

1. e4 c5 2. Nf3 d6 3. d4 cxd4 4. Nxd4 Nf6 5. Nc3 a6 6. Be3 e5 7. Nb3 Be6 8. f3 h5 9. Qd2 Nbd7 10. O-O-O Rc8 11. Kb1 Be7 12. Nd5 Bxd5 13. exd5 Nb6 14. Bxb6 Qxb6 15. Bd3 O-O 16. Bf5 Rc4 17. g4 Rf4 18. Qg2 g6 19. Rhg1 hxg4 20. Bxg4 Kg7 21. Be6 Rg8 22. Nc1 Rd4 23. Rxd4 Qxd4 24. Nd3 Nxd5 25. Bxd5 Qxd5 26. Qg4 Rh8 27. Qd7 Bf6 28. f4 Rd8 29. Qg4 e4 30. Nb4 Qc5 31. c3 Rh8 32. Rd1 Rxh2 33. Qg3 Qh5 34. Re1 Rh1 35. a4 Qf3 0-1

[Event "Kingston Invitational 4th"]
[Site "Kingston-upon-Thames"]
[Date "2025.08.12"]
[Round "1.2"]
[White "Buckley, Graeme N"]
[Black "Jarocka, Liwia"]
[Result "1-0"]
[WhiteElo "2256"]
[BlackElo "2266"]
[PlyCount "71"]
[EventDate "2025.08.12"]
[EventType "tourn"]
[EventRounds "9"]
[EventCountry "ENG"]

1. e4 e5 2. Nf3 Nc6 3. Bb5 a6 4. Ba4 Nge7 5. c3 f6 6. d4 d5 7. exd5 Qxd5 8. Nbd2 exd4 9. O-O dxc3 10. bxc3 Bg4 11. h3 Bxf3 12. Nxf3 O-O-O 13. Qe2 Qd3 14. Qb2 Na5 15. Rb1 Qc4 16. Bc2 Nd5 17. Bd2 Bc5 18. Nd4 Rd6 19. Nb3 Nxb3 20. axb3 Qh4 21. b4 Ba7 22. b5 a5 23. Ra1 Bb6 24. Ra4 Qh5 25. c4 Qe2 26. cxd5 Rxd5 27. Bxa5 Bxf2+ 28. Rxf2 Rd1+ 29. Bxd1 Qxd1+ 30. Rf1 Qxa4 31. Ra1 Qe4 32. Rc1 Qe3+ 33. Kh1 b6 34. Qc2 Qxc1+ 35. Qxc1 bxa5 36. b6 1-0

[Event "Kingston Invitational 4th"]
[Site "Kingston-upon-Thames"]
[Date "2025.08.12"]
[Round "1.3"]
[White "Lalic, Peter D"]
[Black "Taylor, Adam A"]
[Result "1-0"]
[WhiteElo "2182"]
[BlackElo "2279"]
[PlyCount "93"]
[EventDate "2025.08.12"]
[EventType "tourn"]
[EventRounds "9"]
[EventCountry "ENG"]

1. e4 c5 2. d4 cxd4 3. c3 dxc3 4. Nxc3 Nc6 5. Nf3 d6 6. Bc4 a6 7. Bf4 Nf6 8. O-O Bg4 9. e5 Bxf3 10. Qxf3 dxe5 11. Bg5 Qd4 12. Nd5 O-O-O 13. Rfd1 Qe4 14. Nb6+ Kc7 15. Rxd8 Kxd8 16. Rd1+ Kc7 17. Nd5+ Kb8 18. Nxf6 Qxc4 19. Nd7+ Kc7 20. Rc1 Qxc1+ 21. Bxc1 Kxd7 22. Qxf7 Kd6 23. Qe8 Kc7 24. Be3 g6 25. Qf7 Nd8 26. Qc4+ Nc6 27. Qf7 Nd8 28. Qb3 Nc6 29. Bb6+ Kd6 30. Qd3+ Ke6 31. Qh3+ Kf7 32. Qc8 Bg7 33. Qxb7 Nd4 34. Qxa6 Rb8 35. h3 Ne6 36. b4 e4 37. a4 g5 38. a5 h5 39. Qc4 Be5 40. Qxe4 Kf6 41. Qf3+ Kg6 42. g3 Rc8 43. Qe4+ Kf6 44. Be3 Rc3 45. Qf3+ Kg6 46. Qe4+ Kf6 47. a6 1-0

[Event "Kingston Invitational 4th"]
[Site "Kingston-upon-Thames"]
[Date "2025.08.12"]
[Round "1.4"]
[White "Banerjee, Supratit"]
[Black "Large, Peter G"]
[Result "1-0"]
[WhiteElo "2242"]
[BlackElo "2291"]
[PlyCount "109"]
[EventDate "2025.08.12"]
[EventType "tourn"]
[EventRounds "9"]
[EventCountry "ENG"]

1. e4 e5 2. Nf3 Nc6 3. Bb5 a6 4. Ba4 b5 5. Bb3 Na5 6. O-O d6 7. d4 exd4 8. Re1 Be7 9. Qxd4 Nf6 10. e5 Nxb3 11. axb3 dxe5 12. Qxe5 Kf8 13. Bf4 Bb7 14. Qxc7 Qxc7 15. Bxc7 Rc8 16. Be5 Nd5 17. c3 f6 18. Bd4 Kf7 19. Nbd2 Rhd8 20. Ne4 Nf4 21. Re3 Nd5 22. Ree1 Nf4 23. Rad1 Ne6 24. Rd3 Bf8 25. Rde3 Nxd4 26. Nxd4 b4 27. Ng3 Bd5 28. h4 Rd7 29. Ra1 bxc3 30. bxc3 Bd6 31. Rxa6 Bf4 32. Rd3 Bxb3 33. Rf3 Bc4 34. Ra5 Bd6 35. Ne4 Bf8 36. Re3 Bd5 37. Ng3 Rc5 38. Ra1 Bd6 39. Rae1 Bf4 40. Rd3 Rdc7 41. Ngf5 Be5 42. Rdd1 Bb7 43. Ne3 Bc8 44. c4 Ba6 45. Nb3 R5c6 46. Nd5 Bxc4 47. Nxc7 Bxb3 48. Rd7+ Kf8 49. Nb5 Rc4 50. g3 h5 51. f4 Bb2 52. Rd8+ Kf7 53. Nd6+ Kg6 54. f5+ Kh7 55. Nxc4 1-0

[Event "Kingston Invitational 4th"]
[Site "Kingston-upon-Thames"]
[Date "2025.08.12"]
[Round "1.5"]
[White "Bezuidenhout, Roland"]
[Black "Valles Moreno, Ivan"]
[Result "1/2-1/2"]
[WhiteElo "2272"]
[BlackElo "2323"]
[PlyCount "72"]
[EventDate "2025.08.12"]
[EventType "tourn"]
[EventRounds "9"]
[EventCountry "ENG"]

1. e4 g6 2. d4 Bg7 3. Nf3 d6 4. Bc4 Nc6 5. O-O Nf6 6. Qe2 Bg4 7. c3 e5 8. Bb5 Nd7 9. Rd1 O-O 10. Bxc6 bxc6 11. h3 Bxf3 12. Qxf3 Qh4 13. Be3 Rab8 14. b3 Rfe8 15. Nd2 exd4 16. Bxd4 Ne5 17. Qe2 c5 18. Bxe5 Bxe5 19. Nf3 Qf6 20. Nxe5 Qxe5 21. Qa6 Qxe4 22. Qxa7 Qc6 23. Qa3 Re5 24. Qc1 Rbe8 25. a4 f6 26. Qd2 Re2 27. Qf4 Kg7 28. a5 R8e5 29. Qa4 Qa8 30. Rd3 Qa6 31. Rf3 R2e4 32. c4 c6 33. Qa3 Rd4 34. Qc1 Rde4 35. Qc3 Rd4 36. Kh2 h5 1/2-1/2

[Event "Kingston Invitational 4th"]
[Site "Kingston-upon-Thames"]
[Date "2025.08.12"]
[Round "2.1"]
[White "Taylor, Adam A"]
[Black "Valles Moreno, Ivan"]
[Result "0-1"]
[WhiteElo "2279"]
[BlackElo "2323"]
[PlyCount "128"]
[EventDate "2025.08.12"]
[EventType "tourn"]
[EventRounds "9"]
[EventCountry "ENG"]

1. Nf3 g6 2. g3 Bg7 3. d4 f5 4. c4 Nf6 5. Nc3 O-O 6. Bg2 d6 7. O-O Qe8 8. e3 e5 9. b4 e4 10. Nd2 c6 11. Rb1 Be6 12. f3 d5 13. b5 Nbd7 14. bxc6 bxc6 15. fxe4 dxe4 16. Ba3 Rf7 17. Qe2 Nb6 18. Rfc1 Qd8 19. Nd1 h5 20. Nf2 g5 21. Nh3 Ng4 22. Bb2 Bh6 23. Nb3 h4 24. Nc5 Bc8 25. Rf1 hxg3 26. hxg3 Qc7 27. Nf2 Nf6 28. g4 Qg3 29. d5 Bf8 30. Ne6 Bd6 31. Rfd1 Nxg4 32. Nxg5 Nxe3 33. Nfxe4 fxe4 34. Nxf7 Qh2+ 35. Kf2 Ng4+ 36. Ke1 Kxf7 37. Kd2 e3+ 38. Kc1 cxd5 39. Rf1+ Bf4 40. Be5 Nxe5 41. Bxd5+ Ke7 42. Qxh2 Bxh2 43. Rxb6 axb6 44. Bxa8 e2 45. Rh1 Bf5 46. Kd2 Bf4+ 47. Kxe2 Bd3+ 48. Kf2 Bxc4 49. Rb1 b5 50. Be4 Kd6 51. Bc2 Kc5 52. Bb3 Kd4 53. Kg2 Kc3 54. Kf2 Bd2 55. Kg3 Nd3 56. Kf3 Nc5 57. Bd1 b4 58. Be2 Bxa2 59. Rg1 b3 60. Bf1 b2 61. Bh3 Bd5+ 62. Ke2 Bc4+ 63. Kf3 Bd3 64. Bc8 Bc1 0-1

[Event "Kingston Invitational 4th"]
[Site "Kingston-upon-Thames"]
[Date "2025.08.12"]
[Round "2.2"]
[White "Large, Peter G"]
[Black "Bezuidenhout, Roland"]
[Result "1-0"]
[WhiteElo "2291"]
[BlackElo "2272"]
[PlyCount "131"]
[EventDate "2025.08.12"]
[EventType "tourn"]
[EventRounds "9"]
[EventCountry "ENG"]

1. Nf3 d5 2. b3 Bf5 3. Bb2 e6 4. e3 Nf6 5. Be2 h6 6. c4 c6 7. O-O Nbd7 8. cxd5 exd5 9. d3 Be7 10. Nbd2 O-O 11. Re1 Re8 12. Bf1 Bf8 13. Qc2 Bh7 14. a3 a5 15. Bc3 Bd6 16. Qb2 b5 17. b4 axb4 18. axb4 Qe7 19. Rxa8 Rxa8 20. e4 dxe4 21. dxe4 Bc7 22. g3 Bb6 23. Bh3 Ne8 24. Nb3 Ndf6 25. Nbd4 Nxe4 26. Nf5 Bxf5 27. Bxf5 N8d6 28. Bxe4 Nxe4 29. Bd4 Bxd4 30. Nxd4 Ra4 31. Qc2 f5 32. Qxc6 Qd6 33. Qe8+ Qf8 34. Qxb5 Rxb4 35. Qd5+ Qf7 36. Qe5 Ng5 37. Re3 Rb1+ 38. Kg2 Qc4 39. Re2 Rb6 40. h4 Ne4 41. Nxf5 Nf6 42. Ne7+ Kf7 43. Nf5 Re6 44. Qxe6+ Qxe6 45. Rxe6 Kxe6 46. Nxg7+ Ke5 47. f3 h5 48. Kh3 Kd4 49. Nf5+ Ke5 50. Ne3 Kd4 51. Nf1 Nd5 52. g4 Kd3 53. Kg3 hxg4 54. fxg4 Ke4 55. Nd2+ Ke3 56. Nc4+ Kd4 57. Nd6 Ke5 58. Nf5 Nf6 59. Kf3 Ne4 60. h5 Ng5+ 61. Kg3 Ne4+ 62. Kh4 Kf4 63. Ne7 Ke5 64. g5 Ke6 65. h6 Nd6 66. h7 1-0

[Event "Kingston Invitational 4th"]
[Site "Kingston-upon-Thames"]
[Date "2025.08.12"]
[Round "2.3"]
[White "Kosakowski, Jakub"]
[Black "Banerjee, Supratit"]
[Result "1-0"]
[WhiteElo "2542"]
[BlackElo "2242"]
[PlyCount "65"]
[EventDate "2025.08.12"]
[EventType "tourn"]
[EventRounds "9"]
[EventCountry "ENG"]

1. e4 c5 2. Nf3 e6 3. d4 cxd4 4. Nxd4 Nc6 5. Nc3 a6 6. Nxc6 bxc6 7. Bd3 d5 8. O-O Nf6 9. Re1 Be7 10. Bf4 Bb7 11. Qe2 c5 12. exd5 Nxd5 13. Be5 Nxc3 14. Bxc3 Qd5 15. Qg4 Bf6 16. Be4 Qd7 17. Rad1 Qc7 18. Bxf6 gxf6 19. Qf3 Bxe4 20. Qxf6 Rg8 21. Rxe4 Qe7 22. Qc3 Rb8 23. g3 Qb7 24. Qe3 Qc6 25. Re5 Rc8 26. Qh6 Ke7 27. Qh4+ Ke8 28. Qxh7 Rf8 29. Qh4 Qc7 30. Re3 Qb6 31. Red3 Qc7 32. Qa4+ Qc6 33. Qxc6+ 1-0

[Event "Kingston Invitational 4th"]
[Site "Kingston-upon-Thames"]
[Date "2025.08.12"]
[Round "2.4"]
[White "Jarocka, Liwia"]
[Black "Maycock Bates, David Henry"]
[Result "0-1"]
[WhiteElo "2266"]
[BlackElo "2287"]
[PlyCount "58"]
[EventDate "2025.08.12"]
[EventType "tourn"]
[EventRounds "9"]
[EventCountry "ENG"]

1. c4 e6 2. Nf3 d5 3. g3 Nf6 4. Bg2 d4 5. d3 c5 6. e4 Nc6 7. e5 Nd7 8. Bf4 Be7 9. h4 Qc7 10. Nbd2 b6 11. O-O Bb7 12. Re1 O-O-O 13. a3 h6 14. Ne4 g6 15. Qa4 Rdg8 16. b4 g5 17. hxg5 hxg5 18. Nd6+ Kb8 19. Bxg5 Bxd6 20. exd6 Qxd6 21. b5 Nce5 22. Nxe5 Nxe5 23. f4 Rxg5 24. Bxb7 Rxg3+ 25. Bg2 Nf3+ 26. Kf2 Qxf4 27. Re4 Rxg2+ 28. Kxg2 Rh2+ 29. Kf1 Nd2+ 0-1

[Event "Kingston Invitational 4th"]
[Site "Kingston-upon-Thames"]
[Date "2025.08.13"]
[Round "3.1"]
[White "Buckley, Graeme N"]
[Black "Taylor, Adam A"]
[Result "0-1"]
[WhiteElo "2256"]
[BlackElo "2279"]
[PlyCount "68"]
[EventDate "2025.08.12"]
[EventType "tourn"]
[EventRounds "9"]
[EventCountry "ENG"]

1. e4 c5 2. Nf3 Nc6 3. Bb5 Nf6 4. Nc3 g6 5. e5 Ng4 6. Bxc6 dxc6 7. O-O Bg7 8. Re1 O-O 9. d3 Nh6 10. Ne4 Bg4 11. Neg5 Nf5 12. Re4 Bxf3 13. Nxf3 Qd5 14. Qe2 Rfd8 15. Bd2 b5 16. a4 a6 17. b3 Nd4 18. Nxd4 cxd4 19. f4 c5 20. g4 e6 21. Be1 Rac8 22. Bh4 Rd7 23. axb5 axb5 24. Ra5 Qc6 25. Bf2 Bf8 26. Qd1 Ra8 27. Rxa8 Qxa8 28. b4 c4 29. Rxd4 Ra7 30. Be1 Ra1 31. Qd2 Qa7 32. c3 Bxb4 33. Qe3 Rxe1+ 34. Qxe1 Qxd4+ 0-1

[Event "Kingston Invitational 4th"]
[Site "Kingston-upon-Thames"]
[Date "2025.08.13"]
[Round "3.2"]
[White "Maycock Bates, David Henry"]
[Black "Lalic, Peter D"]
[Result "1-0"]
[WhiteElo "2287"]
[BlackElo "2182"]
[PlyCount "51"]
[EventDate "2025.08.12"]
[EventType "tourn"]
[EventRounds "9"]
[EventCountry "ENG"]

1. e4 e5 2. Nf3 Nf6 3. Nxe5 d6 4. Nf3 Nxe4 5. d4 d5 6. Bd3 Nc6 7. O-O Bf5 8. c4 Nb4 9. Be2 Be7 10. Nc3 Nxc3 11. bxc3 Nc2 12. Rb1 Nxd4 13. Rxb7 Nxe2+ 14. Qxe2 O-O 15. Nd4 Bd7 16. cxd5 Bd6 17. Qf3 Qh4 18. h3 Rfe8 19. Be3 h5 20. Nf5 Bxf5 21. Qxf5 Re4 22. Bg5 Re5 23. Qxe5 Qc4 24. Qd4 Bh2+ 25. Kxh2 Qxf1 26. Rxc7 1-0

[Event "Kingston Invitational 4th"]
[Site "Kingston-upon-Thames"]
[Date "2025.08.13"]
[Round "3.3"]
[White "Banerjee, Supratit"]
[Black "Jarocka, Liwia"]
[Result "1/2-1/2"]
[WhiteElo "2242"]
[BlackElo "2266"]
[PlyCount "151"]
[EventDate "2025.08.12"]
[EventType "tourn"]
[EventRounds "9"]
[EventCountry "ENG"]

1. e4 e5 2. Nf3 Nc6 3. Bb5 a6 4. Ba4 Nf6 5. O-O Nxe4 6. d4 b5 7. Bb3 d5 8. dxe5 Be6 9. Re1 Bc5 10. Be3 O-O 11. Nbd2 Bxe3 12. Rxe3 Nc5 13. Rc3 Qe7 14. Nf1 b4 15. Re3 Rfd8 16. c3 bxc3 17. bxc3 Na5 18. Nd4 Naxb3 19. axb3 Bd7 20. Qc2 Ne4 21. f3 Ng5 22. Ng3 c5 23. Ndf5 Bxf5 24. Nxf5 Qd7 25. Rd1 g6 26. Nd6 Qe6 27. Qd2 d4 28. cxd4 cxd4 29. Qxd4 f6 30. f4 Nf7 31. Qd5 Qxd5 32. Rxd5 fxe5 33. fxe5 Nxd6 34. exd6 Rd7 35. Kf2 Rad8 36. Red3 Kf7 37. Ke3 Ke6 38. Ra5 Ra8 39. Ke4 Rxd6 40. Re5+ Kd7 41. Red5 Rxd5 42. Kxd5 Rf8 43. Rf3 Rb8 44. Rf7+ Ke8 45. Rxh7 Rxb3 46. Ke5 Kf8 47. g4 Rb6 48. Ra7 Kg8 49. Kf4 Rb5 50. Rxa6 g5+ 51. Ke4 Kg7 52. Rd6 Rb2 53. h3 Rf2 54. Rd3 Kg6 55. Re3 Rf1 56. Ke5 Rf2 57. Kd6 Rh2 58. Ke7 Kg7 59. Re5 Kg6 60. Re3 Kg7 61. Kd6 Kg6 62. Ke6 Rh1 63. Ke7 Kg7 64. Ke8 Rh2 65. Re7+ Kg6 66. Kf8 Rxh3 67. Kg8 Kf6 68. Rf7+ Kg6 69. Ra7 Kf6 70. Ra6+ Ke5 71. Kg7 Kf4 72. Ra4+ Kg3 73. Kg6 Kh4 74. Ra1 Kxg4 75. Ra4+ Kf3 76. Kxg5 1/2-1/2

[Event "Kingston Invitational 4th"]
[Site "Kingston-upon-Thames"]
[Date "2025.08.13"]
[Round "3.4"]
[White "Bezuidenhout, Roland"]
[Black "Kosakowski, Jakub"]
[Result "1/2-1/2"]
[WhiteElo "2272"]
[BlackElo "2542"]
[PlyCount "38"]
[EventDate "2025.08.12"]
[EventType "tourn"]
[EventRounds "9"]
[EventCountry "ENG"]

1. c4 e6 2. Nc3 d5 3. d4 Nf6 4. cxd5 exd5 5. Bg5 Bb4 6. e3 h6 7. Bh4 g5 8. Bg3 h5 9. a3 Bxc3+ 10. bxc3 Ne4 11. f3 Nxg3 12. hxg3 Qe7 13. Bd3 Qxe3+ 14. Kf1 Qe7 15. Qd2 Nc6 16. g4 Be6 17. gxh5 O-O-O 18. Ne2 f5 19. f4 Rdg8 1/2-1/2

[Event "Kingston Invitational 4th"]
[Site "Kingston-upon-Thames"]
[Date "2025.08.13"]
[Round "3.5"]
[White "Valles Moreno, Ivan"]
[Black "Large, Peter G"]
[Result "1-0"]
[WhiteElo "2323"]
[BlackElo "2291"]
[PlyCount "71"]
[EventDate "2025.08.12"]
[EventType "tourn"]
[EventRounds "9"]
[EventCountry "ENG"]

1. d4 e6 2. Nf3 Nf6 3. e3 b6 4. Bd3 Bb7 5. O-O c5 6. c4 Bxf3 7. Qxf3 Nc6 8. Nc3 Nb4 9. Bb1 cxd4 10. exd4 Rc8 11. d5 Rxc4 12. dxe6 dxe6 13. a3 Nbd5 14. Bd3 Rc5 15. Bb5+ Rxb5 16. Nxb5 Be7 17. Bd2 O-O 18. Rac1 Qd7 19. Nd4 Bc5 20. Ne2 h6 21. Rfd1 Qa4 22. Bc3 Be7 23. Bd4 Qb5 24. Qd3 Qa4 25. Rc4 Qa6 26. Rc2 Qb7 27. Rdc1 Rd8 28. Qf3 Qa6 29. g3 b5 30. Rc6 Qa4 31. Rc8 Qa6 32. Rxd8+ Bxd8 33. Qd3 Qb7 34. Qc2 Ne7 35. Qc5 Nfd5 36. Qxa7 1-0

[Event "Kingston Invitational 4th"]
[Site "Kingston-upon-Thames"]
[Date "2025.08.13"]
[Round "4.1"]
[White "Taylor, Adam A"]
[Black "Large, Peter G"]
[Result "1-0"]
[WhiteElo "2279"]
[BlackElo "2291"]
[PlyCount "57"]
[EventDate "2025.08.12"]
[EventType "tourn"]
[EventRounds "9"]
[EventCountry "ENG"]

1. c4 b6 2. Nc3 Bb7 3. d4 e6 4. a3 f5 5. d5 Nf6 6. g3 a5 7. Bg2 Na6 8. Nh3 Nc5 9. O-O Qc8 10. Qc2 Be7 11. Be3 Ng4 12. Bg5 Bxg5 13. Nxg5 a4 14. e4 Qd8 15. Nf3 O-O 16. e5 Qe8 17. h3 Nh6 18. Rad1 Qh5 19. Rfe1 g5 20. Nd4 g4 21. Nce2 f4 22. Nxf4 Rxf4 23. gxf4 Rf8 24. Re3 Rxf4 25. Qe2 Kh8 26. Rg3 Ba6 27. dxe6 dxe6 28. Nb5 Nf5 29. Rxg4 1-0

[Event "Kingston Invitational 4th"]
[Site "Kingston-upon-Thames"]
[Date "2025.08.13"]
[Round "4.2"]
[White "Kosakowski, Jakub"]
[Black "Valles Moreno, Ivan"]
[Result "1-0"]
[WhiteElo "2542"]
[BlackElo "2323"]
[PlyCount "43"]
[EventDate "2025.08.12"]
[EventType "tourn"]
[EventRounds "9"]
[EventCountry "ENG"]

1. e4 g6 2. d4 Bg7 3. Nc3 c6 4. h3 b5 5. Nf3 d6 6. a3 Nd7 7. Be3 a6 8. g4 Qc7 9. Rg1 Bb7 10. h4 Rd8 11. h5 c5 12. g5 cxd4 13. Nxd4 Bxd4 14. Qxd4 e5 15. Qb4 Ne7 16. O-O-O Nc5 17. Bxb5+ axb5 18. Nxb5 Qc6 19. Bxc5 dxc5 20. Rxd8+ Kxd8 21. Rd1+ Ke8 22. Qa5 1-0

[Event "Kingston Invitational 4th"]
[Site "Kingston-upon-Thames"]
[Date "2025.08.13"]
[Round "4.3"]
[White "Jarocka, Liwia"]
[Black "Bezuidenhout, Roland"]
[Result "1/2-1/2"]
[WhiteElo "2266"]
[BlackElo "2272"]
[PlyCount "35"]
[EventDate "2025.08.12"]
[EventType "tourn"]
[EventRounds "9"]
[EventCountry "ENG"]

1. e4 e6 2. d4 d5 3. Nc3 dxe4 4. Nxe4 Bd7 5. Nf3 Bc6 6. Bd3 Nd7 7. Qe2 Ngf6 8. Nc3 Bb4 9. a3 Be7 10. O-O Bxf3 11. Qxf3 c6 12. Bf4 Nf8 13. Ne2 Ng6 14. Bd2 Qd5 15. Qxd5 Nxd5 16. Rfd1 O-O 17. g3 Rfd8 18. Kg2 1/2-1/2

[Event "Kingston Invitational 4th"]
[Site "Kingston-upon-Thames"]
[Date "2025.08.13"]
[Round "4.4"]
[White "Lalic, Peter D"]
[Black "Banerjee, Supratit"]
[Result "0-1"]
[WhiteElo "2182"]
[BlackElo "2242"]
[PlyCount "78"]
[EventDate "2025.08.12"]
[EventType "tourn"]
[EventRounds "9"]
[EventCountry "ENG"]

1. e4 c6 2. d4 d5 3. e5 Bf5 4. g4 Be4 5. f3 Bg6 6. h4 h5 7. Bg5 Nd7 8. Nc3 Qb6 9. Nge2 e6 10. Qd2 Rc8 11. Nf4 Bh7 12. Na4 Qc7 13. Bd3 c5 14. Bxh7 Rxh7 15. Qd3 Rh8 16. O-O Qc6 17. Nc3 cxd4 18. Ng6 Nc5 19. Qxd4 fxg6 20. Kg2 Be7 21. a4 a6 22. Ne2 Bxg5 23. hxg5 Ne7 24. Nf4 hxg4 25. fxg4 Ne4 26. c3 Rh4 27. Kf3 Nxg5+ 28. Kg3 Rh8 29. Rh1 Rf8 30. Raf1 Qc5 31. Qxc5 Rxc5 32. Nd3 Rxf1 33. Rxf1 Rc4 34. Kh4 Nf7 35. Kg3 g5 36. Rc1 Ng6 37. b3 Rc7 38. c4 dxc4 39. bxc4 Nfxe5 0-1

[Event "Kingston Invitational 4th"]
[Site "Kingston-upon-Thames"]
[Date "2025.08.13"]
[Round "4.5"]
[White "Buckley, Graeme N"]
[Black "Maycock Bates, David Henry"]
[Result "0-1"]
[WhiteElo "2256"]
[BlackElo "2287"]
[PlyCount "106"]
[EventDate "2025.08.12"]
[EventType "tourn"]
[EventRounds "9"]
[EventCountry "ENG"]

1. e4 e5 2. Nf3 Nc6 3. Bb5 a6 4. Ba4 Nf6 5. O-O Be7 6. Re1 b5 7. Bb3 d6 8. c3 O-O 9. h3 Bb7 10. d4 Re8 11. Nbd2 Bf8 12. a3 h6 13. Ba2 Nb8 14. Qb3 Qe7 15. a4 Bc6 16. d5 bxa4 17. Qa3 Bd7 18. Nc4 Qd8 19. b4 axb3 20. Qxb3 a5 21. Ba3 Bc8 22. Qc2 Nbd7 23. Bb3 Nb6 24. Nxb6 cxb6 25. Ba4 Bd7 26. Rab1 Qc7 27. Nd2 Rec8 28. c4 Rab8 29. Bb5 Be7 30. Re3 Bxb5 31. Rxb5 Nd7 32. Rc3 h5 33. Kh2 Qa7 34. Qd1 g6 35. Rg3 Bh4 36. Rc3 Nc5 37. Qe2 Qd7 38. g3 Bg5 39. Nf3 Bh6 40. Rc2 Rb7 41. Nh4 Na4 42. Qd3 Nc5 43. Qe2 Kh7 44. Bb2 Na4 45. Ba3 Rbc7 46. Rb3 b5 47. c5 Nxc5 48. Rxb5 Nxe4 49. Rxc7 Rxc7 50. Rxa5 Ng5 51. Qf1 Rc2 52. Ra6 Ne4 53. Qe1 Nxf2 0-1

[Event "Kingston Invitational 4th"]
[Site "Kingston-upon-Thames"]
[Date "2025.08.14"]
[Round "5.1"]
[White "Maycock Bates, David Henry"]
[Black "Taylor, Adam A"]
[Result "0-1"]
[WhiteElo "2287"]
[BlackElo "2279"]
[PlyCount "170"]
[EventDate "2025.08.12"]
[EventType "tourn"]
[EventRounds "9"]
[EventCountry "ENG"]

1. e4 c5 2. Nf3 Nc6 3. d4 cxd4 4. Nxd4 e5 5. Nb5 d6 6. N1c3 a6 7. Na3 b5 8. Nd5 Nge7 9. Bd3 Nd4 10. O-O Nxd5 11. exd5 g6 12. c3 Nf5 13. Nc2 Bg7 14. Nb4 Bd7 15. Nc6 Qc7 16. a4 bxa4 17. Rxa4 Ne7 18. Be4 f5 19. Bf3 e4 20. Be2 Nxc6 21. Rc4 O-O 22. Bf4 Be5 23. Bxe5 dxe5 24. b4 Rf6 25. Rc5 Kg7 26. Qc1 Be8 27. Rd1 Bf7 28. c4 Qb6 29. dxc6 Qxb4 30. Rxe5 Rxc6 31. h4 Rb8 32. Qe3 Rd6 33. Rf1 Qd2 34. Qc5 Qd4 35. Qa5 Rbd8 36. Re7 R8d7 37. Rxd7 Rxd7 38. Rd1 Qa7 39. Qe5+ Kh6 40. Rc1 Qc7 41. Qf6 Qf4 42. Rc3 Qd2 43. Re3 Qd4 44. Qg5+ Kg7 45. h5 Qa1+ 46. Kh2 Qe5+ 47. f4 Qe7 48. h6+ Kf8 49. Qg3 Rb7 50. c5 Qxc5 51. Rc3 Qd6 52. Rc8+ Ke7 53. Qh4+ Qf6 54. Qf2 Qb6 55. Qh4+ Qf6 56. Qf2 Qb6 57. Qe1 Qd6 58. Qc1 g5 59. g3 gxf4 60. gxf4 Qxh6+ 61. Kg2 Qg7+ 62. Kf1 Qd4 63. Qa3+ Qd6 64. Qc1 Qd4 65. Qa3+ Qd6 66. Qc1 a5 67. Rc6 Rb1 68. Qxb1 Qxc6 69. Qb8 Qd6 70. Qa7+ Kf6 71. Qe3 a4 72. Qg3 h6 73. Qc3+ Ke7 74. Kg2 a3 75. Qa5 a2 76. Qa7+ Kf8 77. Bh5 Qd2+ 78. Kh3 Qc3+ 79. Kh2 Qb2+ 80. Kh3 Bxh5 81. Qc5+ Kg7 82. Qa7+ Bf7 83. Qg1+ Kh7 84. Qa7 Qg7 85. Qg1 Qxg1 0-1

[Event "Kingston Invitational 4th"]
[Site "Kingston-upon-Thames"]
[Date "2025.08.14"]
[Round "5.2"]
[White "Banerjee, Supratit"]
[Black "Buckley, Graeme N"]
[Result "1/2-1/2"]
[WhiteElo "2242"]
[BlackElo "2256"]
[PlyCount "84"]
[EventDate "2025.08.12"]
[EventType "tourn"]
[EventRounds "9"]
[EventCountry "ENG"]

1. e4 c5 2. Nf3 Nc6 3. Bb5 g6 4. Bxc6 dxc6 5. d3 Bg7 6. O-O Nf6 7. Re1 O-O 8. h3 Ne8 9. e5 Nc7 10. Be3 b6 11. Qd2 Be6 12. Bh6 Bd5 13. Nh2 f5 14. Bxg7 Kxg7 15. Nc3 Qd7 16. a4 a5 17. Ne2 Rad8 18. Rad1 h6 19. h4 Kh7 20. Qe3 Be6 21. c4 Bg8 22. Nf4 Ne6 23. Nf3 Nxf4 24. Qxf4 Be6 25. b3 b5 26. Kh2 bxa4 27. bxa4 Rb8 28. d4 Rb4 29. dxc5 Qa7 30. Nd4 Rxc4 31. Rc1 Rxa4 32. Nxc6 Rxf4 33. Nxa7 Rxf2 34. c6 f4 35. Kg1 Rb2 36. c7 f3 37. gxf3 Rxf3 38. c8=Q Rg3+ 39. Kf1 Bxc8 40. Nxc8 Rf3+ 41. Kg1 Rg3+ 42. Kf1 Rf3+ 1/2-1/2

[Event "Kingston Invitational 4th"]
[Site "Kingston-upon-Thames"]
[Date "2025.08.14"]
[Round "5.3"]
[White "Bezuidenhout, Roland"]
[Black "Lalic, Peter D"]
[Result "1/2-1/2"]
[WhiteElo "2272"]
[BlackElo "2182"]
[PlyCount "32"]
[EventDate "2025.08.12"]
[EventType "tourn"]
[EventRounds "9"]
[EventCountry "ENG"]

1. d4 d5 2. c4 c6 3. Nf3 Nf6 4. e3 Bf5 5. Nc3 e6 6. Nh4 Be4 7. f3 Bg6 8. Qb3 Qb6 9. Nxg6 hxg6 10. c5 Qc7 11. Bd2 Nbd7 12. g3 Be7 13. Qc2 e5 14. b4 Nf8 15. dxe5 Qxe5 16. f4 Qf5 1/2-1/2

[Event "Kingston Invitational 4th"]
[Site "Kingston-upon-Thames"]
[Date "2025.08.14"]
[Round "5.4"]
[White "Valles Moreno, Ivan"]
[Black "Jarocka, Liwia"]
[Result "1/2-1/2"]
[WhiteElo "2323"]
[BlackElo "2266"]
[PlyCount "67"]
[EventDate "2025.08.12"]
[EventType "tourn"]
[EventRounds "9"]
[EventCountry "ENG"]

1. d4 Nf6 2. Nf3 d5 3. e3 c5 4. Nbd2 cxd4 5. exd4 Qc7 6. c3 Nc6 7. Be2 Bg4 8. O-O e6 9. Re1 Bd6 10. Nf1 O-O 11. g3 Ne4 12. Ne3 Bh5 13. Ng2 Rab8 14. Nf4 Bg4 15. h3 Bf5 16. Nh4 Ne7 17. a4 Nf6 18. Nxf5 Nxf5 19. Bd3 Ne7 20. Qf3 Rbe8 21. Bd2 Ng6 22. Nxg6 fxg6 23. Qg2 Qf7 24. Re2 e5 25. dxe5 Rxe5 26. Rxe5 Bxe5 27. Be3 a6 28. Rd1 Qd7 29. Bc2 b5 30. a5 Bc7 31. Bd4 Bxa5 32. Ra1 Qd8 33. Bb3 Kh8 34. Bxf6 1/2-1/2

[Event "Kingston Invitational 4th"]
[Site "Kingston-upon-Thames"]
[Date "2025.08.14"]
[Round "5.5"]
[White "Large, Peter G"]
[Black "Kosakowski, Jakub"]
[Result "0-1"]
[WhiteElo "2291"]
[BlackElo "2542"]
[PlyCount "128"]
[EventDate "2025.08.12"]
[EventType "tourn"]
[EventRounds "9"]
[EventCountry "ENG"]

1. e4 c5 2. Nc3 e6 3. Nf3 a6 4. g3 Nc6 5. Bg2 Nf6 6. O-O Qc7 7. Re1 d6 8. d4 cxd4 9. Nxd4 Bd7 10. Nxc6 bxc6 11. Na4 Be7 12. c4 O-O 13. b3 Rad8 14. Bb2 c5 15. e5 Ne8 16. exd6 Nxd6 17. Be5 Bxa4 18. bxa4 Qa5 19. Qg4 g6 20. Qf4 Qxa4 21. h4 Nf5 22. Bh3 f6 23. Bc3 e5 24. Qe4 Nd4 25. Bxd4 cxd4 26. Be6+ Kg7 27. h5 Qa5 28. Kg2 Qc7 29. Rab1 Rb8 30. Rxb8 Rxb8 31. hxg6 hxg6 32. Qg4 Qc6+ 33. Bd5 Qc8 34. Be6 Qc6+ 35. Bd5 Qe8 36. Be4 Qf7 37. Bd5 Qe8 38. Be4 Qf7 39. Bd5 Qe8 40. Qe6 Bb4 41. Rb1 Qxe6 42. Bxe6 Re8 43. Bd5 a5 44. Rd1 f5 45. Kf1 Kf6 46. f4 exf4 47. gxf4 Bc5 48. Rd3 Rh8 49. Kg2 a4 50. Rd1 Re8 51. Rd2 a3 52. Kf1 Rh8 53. Re2 Rh4 54. Re6+ Kg7 55. Rc6 Bf8 56. Rc7+ Kh6 57. c5 d3 58. Ke1 Rh2 59. Bb3 Bg7 60. Rd7 Bc3+ 61. Kf1 d2 62. c6 Rh1+ 63. Ke2 Ba5 64. Bd1 Re1+ 0-1